002460000a220007300045001000025000002450079000253000052001047730016001561 aBoudreaux, Donald J.10aRussell D. Shannon : In memoriam. A tribute to a gifted writer and teacher aVol. 47, Num 3 (Marzo, 1997), Páginas 173-1740 tThe Freeman